| 000 | 00321nam a22001217a 4500 | ||
|---|---|---|---|
| 020 | _a13-521203-0 | ||
| 082 | _a621.3192 AUT'L | ||
| 100 |
_aLOOMOS, N. C,COUGLIN, R. F,AUTGIS, A. W _978153 |
||
| 245 | _aLABORATORY MANUAL FOR ELECTRIC CICUITS | ||
| 260 |
_aNEWJERSCY _bPRENTICE HALL _c1968 |
||
| 300 | _a137P | ||
| 942 | _cBK | ||
| 999 |
_c583313 _d583313 |
||